• 首页
  • 本馆介绍
  • 公告通知
  • 最新文献
  • 馆藏检索
  • 电子资源
  • 读者导购
  • 参考咨询
  • 我的图书馆
  • 登录
  • 详细信息显示
  • 放入我的书架
  • 预约/预借图书
  • 作者相关作品
  • 分类相关作品
  • 丛书相关作品
  • 出版社相关作品

书目信息

  • 表格格式
  • 工作单格式
  • 卡片格式
题名:
铅蓄电池的运行和维护
    
 
作者: 王者恭 著
分册:  
出版信息: 北京   水利电力出版社  1985
页数: 167页
开本: 19cm
丛书名:
单 册:
中图分类: TM912.17 , TM912
科图分类:
主题词: 铅蓄电池--运行 , 铅蓄电池--维护 , 蓄电池
电子资源:
ISBN:
000 00747nam0 2200289 45
001 0185020564
005 20040520172344.5
010    @dCNY1.00
091    @a15143.5733
100    @a19900923d1985 em y0chiy0121 ea
101 0  @achi
102    @aCN@b110000
105    @aa z 000yy
106    @ar
200 10 @a铅蓄电池的运行和维护@Aqian xu dian chi de yun xing he wei hu@f王者恭著
210    @a北京@c水利电力出版社@d1985
215    @a167页@d19cm
606    @a铅蓄电池@x运行
606    @a铅蓄电池@x维护
606 0  @a蓄电池
610 0  @a蓄电池
690    @aTM912.17@v3
690    @aTM912
701  0 @a王者恭@Awang zhe gong@4著
801  0 @aCN@b深圳图书馆@c20040520
801  2 @aCN@bNLC@c20040520
905    @f1@b150654@dTM912@e29
    
    铅蓄电池的运行和维护/王者恭著.-北京:水利电力出版社,1985
    167页;19cm
    
    
    ISBN :CNY1.00
    
●
相关链接 在E读中查询图书 在五车中查询图书 在当当中查询图书 在豆瓣中查询图书


正题名:铅蓄电池的运行和维护     索取号:TM912/29         预约/预借

序号 登录号 条形码 馆藏地/架位号 状态 备注
1 0150654   001345556   第三借阅区/ [索取号:TM912/29] 在馆    
唐山师范学院图书馆 欢迎您!
大连网信软件有限公司© 版权所有